000 00703nam a2200277Ia 4500
005 20260324112003.0
008 008 260324s9999 xx 000 0 eng d
020 _a9781003489597
037 _aEBOOK
040 _aCRL
040 _beng
040 _cCRL
041 _2eng
041 _aeng
084 _qCRL
100 _aMeike Lettau; Özlem Canyürek
_91140838
245 0 _aDecolonial Cultural Practices Towards Pluriversal Cultural Institutions and Policies
260 _bTaylor and Francis
260 _c2025
365 _a
365 _b220
856 _uhttp://www.taylorfrancis.com/books/9781003489597
942 _cEBOOK
999 _c1729857
_d1729857